Local agrarian societies in colonial India : Japanese perspectives (Record no. 234731)

MARC details
000 -LEADER
fixed length control field 00900nam a2200265Ia 4500
008 - FIXED-LENGTH DATA ELEMENTS--GENERAL INFORMATION
fixed length control field 191130s1996##################000#0#eng##
020 ## - INTERNATIONAL STANDARD BOOK NUMBER
ISBN 9780700704712
082 ## - DEWEY DECIMAL CLASSIFICATION NUMBER
Classification number 307.720954 ROB
245 ## - TITLE STATEMENT
Title Local agrarian societies in colonial India : Japanese perspectives
Statement of responsibility, etc edited by Peter Robb, Kaoru Sugihara and Haruka Yanagisawa
260 ## - PUBLICATION, DISTRIBUTION, ETC. (IMPRINT)
Place of publication Richmond, Surrey
Name of publisher Curzon Press
Year of publication c1996
300 ## - PHYSICAL DESCRIPTION
Number of Pages vi, 403 p. : ill., maps ; 23 cm
500 ## - GENERAL NOTE
General note Includes bibliographical references
650 ## - SUBJECT ADDED ENTRY--TOPICAL TERM
Topical Term Agriculture - Economic aspects - India
Topical Term Famines - India
Topical Term India - History - British occupation, 1765-1947
Topical Term India - Rural conditions
700 ## - ADDED ENTRY--PERSONAL NAME
Personal name Robb, Peter
Personal name Sugihara, Kaoru
Personal name Yanagisawa, Haruka
991 ## -
-- 210336
Holdings
Withdrawn status Lost status Damaged status Not for loan Home library Current library Shelving location Date acquired Full call number Accession Number Price effective from Koha item type
        Anna Centenary Library Anna Centenary Library 3RD FLOOR, B WING 13.10.2020 307.720954 ROB 258985 13.10.2020 English Books

Find us on the map